000 00221 a2200097 4500
001 1495
100 _aStewart,.D.S
245 _aPractial design of simple steel structures
260 _a
_bAsia pubs
_c
090 _c1037
_d1037
942 _aNUST-CAE
_cM
_c414
999 _c236568
_d236568